000 00618nam a2200229Ia 4500
003 OSt
005 20220928110126.0
006 a|||||r|||| 00| 0
007 ta
008 220927b |||||||| |||| 00| 0 eng d
024 _a49381
037 _cTextual
040 _aSDCL
_cSDCL
_beng
041 _2eng
_aeng
082 _aO152,2:g, L4
100 _aBhattacharya Biswa Nath
_9418229
245 0 _aSanskrit drama and dramaturgy.
260 _aVaranasi
_bBharata Manisha
_c1974
300 _a434p
_ccm.
942 _hO152,2:g, L4
_cTEXL
_2CC
999 _c734240
_d734240